000 00340pam a2200157a 44500
008 230515b2002 xxu||||| |||| 00| 0 eng d
020 _aNULL
041 _aENGLISH
082 _a630
100 _aJOSHI P B
245 _aELEMENTS OF MECHANICAL ENGINEERING
250 _a0
260 _aN
_bN/A
_c2002
300 _a947
650 _aNULL
999 _c651207
_d651207